MARC

LEADER 00000nam0a2200000 4500
001 370265
005 20231101045515.0
035 |a (RuTPU)RU\TPU\retro\27673 
090 |a 370265 
100 |a 20220623d1978 km y0rusy50 ca 
101 0 |a rus 
102 |a RU 
105 |a a z 001zy 
200 1 |a Методика исследования золотосодержащих руд  |f В. И. Зеленов 
210 |a Москва  |c Недра  |d 1978 
215 |a 304 с.  |c ил. 
320 |a Библиогр.: с. 278-288 
606 1 |a Руды цветных металлов  |x Использование комплексное  |2 stltpush  |3 (RuTPU)RU\TPU\subj\26246 
610 1 |a золотосодержащие руды 
610 1 |a исследования 
610 1 |a методика 
610 1 |a вещественный случай 
610 1 |a испытание 
610 1 |a термохимические способы 
610 1 |a гидрометаллургические процессы 
610 1 |a обогащение 
610 1 |a технологические пробелы 
610 1 |a отбор 
610 1 |a рудное сырье 
610 1 |a золото 
610 1 |a кучное выщелачивание 
675 |a 622.342/.349  |v 4 
700 1 |a Зеленов  |b В. И.  |g ВАсилий Иванович 
801 1 |a RU  |b 63413507  |c 20220623 
801 2 |a RU  |b 63413507  |c 20220623  |g RCR 
942 |c BK